00340nam a22001097a 4500008004100000020002200041082001100063100003400074245008000108250002400188300001800212230519b |||||||| |||| 00| 0 eng d a978-99936-622-2-7 a370.11 aThe National Museum of Bhutan aThe Essence of Bhutanese Culture,bThe proceedings of the fifth colloquium  aVolume 2, Edition 3 a278 p.c23 cm